|
|
|
|
| LEADER |
00000nam0a2200000 4500 |
| 001 |
254447 |
| 005 |
20231101232933.0 |
| 010 |
|
|
|a 5235006291
|
| 035 |
|
|
|a (RuTPU)RU\TPU\book\276906
|
| 090 |
|
|
|a 254447
|
| 100 |
|
|
|a 20140320d1989 k y0rusy50 ca
|
| 101 |
0 |
|
|a rus
|
| 102 |
|
|
|a RU
|
| 105 |
|
|
|a a z 000zy
|
| 200 |
1 |
|
|a Сель
|f Л. Б. Дядюченко
|
| 210 |
|
|
|a Москва
|c Молодая гвардия
|d 1989
|
| 215 |
|
|
|a 224 с.
|c ил.
|
| 606 |
1 |
|
|a Селевые потоки
|x (геология)
|2 stltpush
|3 (RuTPU)RU\TPU\subj\54413
|9 72570
|
| 610 |
1 |
|
|a геология
|
| 610 |
1 |
|
|a сели
|
| 610 |
1 |
|
|a Киргизская Республика
|
| 610 |
1 |
|
|a стихийные бедствия
|
| 610 |
1 |
|
|a опасности
|
| 675 |
|
|
|a 551.311.8
|v 3
|
| 700 |
|
1 |
|a Дядюченко
|b Л. Б.
|g Леонид Борисович
|
| 801 |
|
1 |
|a RU
|b 63413507
|c 20140320
|
| 801 |
|
2 |
|a RU
|b 63413507
|c 20140714
|g RCR
|
| 942 |
|
|
|c BK
|